| 000 | 00910nam a2200289Ia 4500 | ||
|---|---|---|---|
| 001 | Z_2338 | ||
| 003 | CHAP | ||
| 008 | 220113s1989 xx 000 0 und d | ||
| 010 | _a165395 | ||
| 040 | _cCHAP | ||
| 090 | _aTesis M 848 | ||
| 100 |
_aMoreno Hernández, Jorge Orlando _978634 |
||
| 245 |
_aEvaluación del impacto del crédito en explotaciones bovinas de carne y doble propósito / _cpor Jorge Orlando Moreno Hernández |
||
| 260 |
_aChapingo, Méx. : _bEl autor, _c1989 |
||
| 300 |
_a58 h. : _bilus. ; gráfs. |
||
| 502 | _aTesis (Ing. Agr. Esp. en Zootecnia) -- UACH. Departamento de Zootecnia | ||
| 650 |
_aCrédito ganadero _929104 |
||
| 650 |
_aGanadería _xFinanzas _944737 |
||
| 650 |
_aGanado de carne _945067 |
||
| 650 |
_aGanado lechero _xAspectos económicos _945243 |
||
| 901 | _aTESIS M 848 | ||
| 902 | _aM | ||
| 910 | _a1989 | ||
| 942 | _c2 | ||
| 942 | _c2 | ||
| 999 |
_c165395 _d165395 |
||